000 00787nas a2200253 4500
001 BR9101797
003 BR-BrBNA
005 20231205092006.0
007 ta
008 230509b bl.|||p| |||| 00| 00por d
040 _aBR-BrBNA
_bpor
_cBiblioteca Nacional de Agricultura
041 _a(Pt)
072 _aF02
100 1 _aBaggio, A.J.
100 1 _aCarpanezzi, O.B.
100 1 _aGraca, M.E.C.
245 1 _aPropagacao vegetativa da aroeira para palanques vivos; resultados preliminares
650 _aAROEIRA DO CAMPO
650 _aENRAIZAMENTO DE ESTACA
650 _aEPOCA DE PLANTIO
773 0 _tBoletim de Pesquisa Florestal (Brazil)
_xISSN 0101-1057
_g(Jun-Dec 1989), no. 18-19 p. 63-66
_wBR9101797
909 _a202311
_bLúcia
_c55
_dLúcia Elande
942 _2AGRIS
_n0
_cANA
999 _c128578
_d128578